Abuse of drugs other than alcohol and tobacco in the Soviet Union.

Dokladá sa, že používanie opiátov a drog mimo alkoholu a tabaku bolo v ZSSR vážnym problémom už za prvej svetovej vojny a občianskej vojny v rokoch 1918-1920. V 30. rokoch sa údaje o narkománii neobjavujú. Sociálne, kultúrne a zemepisné príčiny narkománie v ZSSR. Vzťah k alkoholizmu. Novšie poznatky...

Celý popis

Uložené v:
Podrobná bibliografia
Hlavný autor: Schaeffer Conroy, M.
Médium: Kapitola
Jazyk:English
Predmet:
Tagy: Pridať tag
Žiadne tagy, Buďte prvý, kto otaguje tento záznam!

MARC

LEADER 00000naa a2200000 4500
001 r002701
005 20220819193628.4
041 0 |a eng 
044 |a GB 
245 1 0 |a Abuse of drugs other than alcohol and tobacco in the Soviet Union.  |c M. Schaeffer Conroy 
520 |a Dokladá sa, že používanie opiátov a drog mimo alkoholu a tabaku bolo v ZSSR vážnym problémom už za prvej svetovej vojny a občianskej vojny v rokoch 1918-1920. V 30. rokoch sa údaje o narkománii neobjavujú. Sociálne, kultúrne a zemepisné príčiny narkománie v ZSSR. Vzťah k alkoholizmu. Novšie poznatky o narkománii v ZSSR. 
610 2 0 |a toxikománia 
610 2 0 |a alkoholizmus 
610 2 0 |a história 
610 2 0 |a ZSSR 
610 2 0 |a etika 
100 1 |a Schaeffer Conroy, M.